El prosperato : (Record no. 87066)

MARC details
000 -LEADER
fixed length control field 00682nam a22001937a 4500
005 - DATE AND TIME OF LATEST TRANSACTION
control field 20220315133447.0
008 - FIXED-LENGTH DATA ELEMENTS--GENERAL INFORMATION
fixed length control field 220315b mx ||||| |||| 00| 0 spa d
020 ## - INTERNATIONAL STANDARD BOOK NUMBER
International Standard Book Number 9682318912
050 04 - LIBRARY OF CONGRESS CALL NUMBER
Classification number F1366 .86
Item number R45 1993
100 1# - MAIN ENTRY--PERSONAL NAME
Personal name Rendón Garcini, Ricardo
245 13 - TITLE STATEMENT
Title El prosperato :
Remainder of title el juego de equilibrios de un gobierno estatal (Tlaxcala de 1885 a 1911) /
Statement of responsibility, etc Ricardo Rendón Garcini.
250 ## - EDITION STATEMENT
Edition statement Primera edición
260 #V - PUBLICATION, DISTRIBUTION, ETC. (IMPRINT)
Place of publication, distribution, etc México :
Name of publisher, distributor, etc Siglo XXI :
-- Universidad Iberoamericana,
Date of publication, distribution, etc 1993
300 ## - PHYSICAL DESCRIPTION
Extent 287 p. ;
Dimensions 23 cm.
504 ## - BIBLIOGRAPHY, ETC. NOTE
Bibliography, etc Bibliografía: p. 275-287
651 #7 - SUBJECT ADDED ENTRY--GEOGRAPHIC NAME
Source of heading or term lemb
Geographic name Tlaxcala
General subdivision Historia
710 2# - ADDED ENTRY--CORPORATE NAME
Corporate name or jurisdiction name as entry element Universidad Iberoamericana (México)
942 ## - ADDED ENTRY ELEMENTS (KOHA)
Source of classification or shelving scheme Biblioteca del Cogreso de los Estados Unidos
Koha item type Libro
Holdings
Estado de pérdida Fuente de clasificación Estado del daño No para préstamo Ubicación permanente Ubicación actual Apartado o colección Fecha de adquisición Edición Dependencia de educación superior (DES) Área del conocimiento Clasificación Código de Barras Date last seen Número de copia Costo por reposición Tipo de recurso Fuente de adquisición Total Checkouts
  Biblioteca del Cogreso de los Estados Unidos     Biblioteca del Instituto de Investigaciones Históricas Biblioteca del Instituto de Investigaciones Históricas General 15/03/2022 1a ed. Humanidades Ciencias Sociales y Administrativas F1366.84 R45 1993 IIH000021251 14/05/2018 C:1 1.00 Libro    
  Biblioteca del Cogreso de los Estados Unidos     Biblioteca del Instituto de Investigaciones Históricas Biblioteca del Instituto de Investigaciones Históricas General 15/03/2022 1a ed. Humanidades Ciencias Sociales y Administrativas F1366.84 R45 1993 IIH000021252 14/05/2018 C:2 1.00 Libro    
  Biblioteca del Cogreso de los Estados Unidos     Biblioteca del Instituto de Investigaciones Históricas Biblioteca del Instituto de Investigaciones Históricas General 15/03/2022 1a ed. Humanidades Ciencias Sociales y Administrativas F1366.84 R45 1993 IIH000032364 15/03/2022 C:3 1.00 Libro Donación